000 00354nam a2200133Ia 4500
008 240624s9999 xx 000 0 und d
041 _aeng
082 _a425 BOO
100 _aBOOHER DIANA
245 _aGOOD GRIEF GOOD GRAMMAR THE BUSINESS PER
260 _c2006
_aNew Delhi
_bMacmillan India
300 _axvi, : 238 : p. : cm. ; 24
365 _cRS
_b33.33
999 _c9777
_d9777